| 000 | 00648nam a2200157Ia 4500 | ||
|---|---|---|---|
| 008 | 220216s9999 xx 000 0 und d | ||
| 100 | _aSaha T | ||
| 245 | 0 | _aMolecular investigations on abiotic stress tolerance and development of transgenic plants of Hevea brasiliensis | |
| 260 | _bClimate Change, Low Carbon Economy and Sustainable Natural Rubber Industry: Preprints of Proceedings of IRRDB International Rubber Conference 2010, 18-19 October 2010 Sanya, Hainan, China, pp. 535-538. | ||
| 650 | _aAbiotic stress | ||
| 650 | _aTransgenic plants | ||
| 700 | _aSathik M B M | ||
| 700 | _aThomas M | ||
| 700 | _aThulaseedharan A | ||
| 942 | _cBS | ||
| 999 |
_c48862 _d48862 |
||